NL ARMS Netherlands Annual Review of Military Studies 2020 (Record no. 22330)
[ view plain ]
| 000 -LEADER | |
|---|---|
| fixed length control field | 00904nam a2200121Ia 4500 |
| 008 - FIXED-LENGTH DATA ELEMENTS--GENERAL INFORMATION | |
| fixed length control field | 220620s9999||||xx |||||||||||||| ||und|| |
| 245 #0 - TITLE STATEMENT | |
| Title | NL ARMS Netherlands Annual Review of Military Studies 2020 |
| Remainder of title | Deterrence in the 21st Century—Insights from Theory and Practice |
| 546 ## - LANGUAGE NOTE | |
| Language note | English[eng] |
| 650 ## - SUBJECT ADDED ENTRY--TOPICAL TERM | |
| Topical term or geographic name entry element | Public International Law||International Security Studies||Political Science and International Relations, general||Politics and International Studies||Deterrence theory||Conventional deterrence||Nuclear deterrence||Deterring terrorists||Cyber deterrence||Cross-domain deterrence||Non-Western deterrence concepts||AI and deterrence||Deterrence and peacekeeping||Fifth wave deterrence theory||Open access||International relations||Politics & government |
| 700 ## - ADDED ENTRY--PERSONAL NAME | |
| Personal name | Osinga, Frans||Sweijs, Tim |
| 856 ## - ELECTRONIC LOCATION AND ACCESS | |
| Uniform Resource Identifier | <a href="https://library.oapen.org/bitstream/20.500.12657/47298/1/9789462654198.pdf">https://library.oapen.org/bitstream/20.500.12657/47298/1/9789462654198.pdf</a> |
| 942 ## - ADDED ENTRY ELEMENTS (KOHA) | |
| Koha item type | E-Books |
| Withdrawn status | Lost status | Damaged status | Not for loan | Home library | Current library | Date acquired | Total Checkouts | Date last seen | Price effective from | Koha item type |
|---|---|---|---|---|---|---|---|---|---|---|
| Kerala University of Digital Sciences, Innovation and Technology Knowledge Centre | Kerala University of Digital Sciences, Innovation and Technology Knowledge Centre | 20/06/2022 | 20/06/2022 | 20/06/2022 | E-Books |